Ford Foundation annual report.

The president's report to the trustees and statement of grants.

Gespeichert in:
Bibliographische Detailangaben
Vorheriger Titel:Ford Foundation. Preliminary report
Körperschaft: Ford Foundation
Format: Schriftenreihe
Sprache:English
Veröffentlicht: [New York : Ford Foundation].
Schlagworte:
Online Zugang:http://www.fordfound.org/elibrary
http://www.fordfound.org.about/annualreports
LEADER 04358cas a2201021 a 4500
001 c000399169
003 CARM
005 20160729161454.0
007 cr |n|||||||||
007 t|
008 150424c19519999nyuar 0 a0eng u
010 |a 52043167 
016 7 |a 7901292  |2 DNLM 
016 7 |a F10310000  |z A43990000  |2 DNLM 
019 1 |a 891500  |5 LACONCORD2021 
022 |a 0071-7274 
035 |a (OCoLC)1143142  |5 LACONCORD2021 
040 |a LC  |b eng  |c LC  |d LC 
042 |a nsdp  |a lc 
043 |a n-us--- 
050 0 0 |a AS911.F6  |b A442 
060 0 0 |a W1 FO558C 
060 0 0 |a W1  |b FO558C 
070 0 |a 280.9  |b F75A 
072 0 |a X800 
082 0 4 |a 061 
082 0 4 |a 061 
110 2 |a Ford Foundation. 
222 0 |a Ford Foundation annual report 
245 1 0 |a Ford Foundation annual report. 
246 3 0 |a Annual report 
246 1 |i Issue for 1954 has title:  |a Ford Foundation report 
260 |a [New York :  |b Ford Foundation]. 
300 |a v. ;  |c 23 cm. 
310 |a Annual 
362 0 |a 1951- 
500 |a Title varies slightly: 1954 called The Ford Foundation report. 
515 |a Report year for 1954 ends Sept. 30; 1955- covers period Oct. to Sept. 30. 
520 |a The president's report to the trustees and statement of grants. 
530 |a Also available online via the World Wide Web. 
610 2 6 |a Ford Foundation  |v Périodiques. 
610 2 0 |a Ford Foundation  |v Periodicals. 
650 0 |a Research grants  |z United States  |v Periodicals. 
650 0 |a Endowments  |z United States  |v Periodicals. 
650 0 |a Foundations  |z United States  |v Periodicals. 
650 0 |a Research Support  |z United States  |v Periodicals. 
650 0 |a Training Support  |z United States  |v Periodicals. 
655 0 |a Electronic journals 
710 2 |a Ford Foundation  |t Report. 
710 2 |a Ford Foundation  |t Annual report. 
730 0 |a Report (Ford Foundation) 
776 0 |c (Online)  |w (SUA)V1122842 
780 0 0 |a Ford Foundation.  |t Preliminary report 
852 8 |b CARM  |p 0619366  |j 1966-69  |f SE 
852 8 |p 0619368  |j (1960-62)-(1963-65)  |a CARM  |f SE 
852 8 |b CARM  |p 0619372  |j 1957-59  |f SE 
852 8 |b CARM  |p 0619407  |j 1954-1956  |f SE 
852 8 |b CARM  |p 0621048  |j (1978-81), (1986-89)  |f SE 
852 8 |b CARM  |p 0621047  |j 1982-1985  |f SE 
852 8 |b CARM  |p 0621957  |j 1973-74  |f SE 
852 8 |b CARM  |p 0621965  |j 1969-70  |f SE 
852 8 |b SCAN  |h A3:AH16E0  |i F09099  |p 0619368  |f SE 
852 8 |b SCAN  |h A3:AH16E0  |i F09101  |p 0619366  |f SE 
852 8 |b SCAN  |h A3:AH16E0  |i F09106  |p 0619407  |f SE 
852 8 |b SCAN  |h A3:AH18E0  |i F09098  |p 0619372  |f SE 
852 8 |b SCAN  |h A3:AH18E0  |i F09113  |p 0621047  |f SE 
852 8 |b SCAN  |h A3:AH21E0  |i F09115  |p 0621048  |f SE 
852 8 |b SCAN  |h A3:AI25D0  |i F09172  |p 0621957  |f SE 
852 8 |b SCAN  |h A3:AK27D0  |i E02515  |p 0621965  |f SE 
866 0 |a (1954-1959)-(1986-89) 
856 4 1 |u http://www.fordfound.org/elibrary 
856 4 1 |u http://www.fordfound.org.about/annualreports 
999 f f |i d36eb868-1ac7-5728-9a7d-cf6929fc1669  |s 443f2adc-3f1b-5305-9f96-909602cac778 
952 f f |p Can circulate  |a CAVAL  |b CAVAL  |c CAVAL  |d CARM 1 Store  |i book  |k (1978-81), (1986-89)  |m 0621048 
952 f f |p Can circulate  |a CAVAL  |b CAVAL  |c CAVAL  |d CARM 1 Store  |i book  |k 1954-1956  |m 0619407 
952 f f |p Can circulate  |a CAVAL  |b CAVAL  |c CAVAL  |d CARM 1 Store  |i book  |k 1973-74  |m 0621957 
952 f f |p Can circulate  |a CAVAL  |b CAVAL  |c CAVAL  |d CARM 1 Store  |i book  |m 0621965 
952 f f |p Can circulate  |a CAVAL  |b CAVAL  |c CAVAL  |d Unmapped Location  |e F09099  |f A3:AH16E0  |h Other scheme  |i book  |m 0619368 
952 f f |p Can circulate  |a CAVAL  |b CAVAL  |c CAVAL  |d CARM 1 Store  |i book  |k 1966-69  |m 0619366 
952 f f |p Can circulate  |a CAVAL  |b CAVAL  |c CAVAL  |d CARM 1 Store  |i book  |k 1957-59  |m 0619372 
952 f f |p Can circulate  |a CAVAL  |b CAVAL  |c CAVAL  |d CARM 1 Store  |i book  |k 1982-1985  |m 0621047 
952 f f |a CAVAL  |b CAVAL  |c CAVAL  |d Unmapped Location  |e F09172  |f A3:AI25D0  |h Other scheme 
952 f f |a CAVAL  |b CAVAL  |c CAVAL  |d Unmapped Location  |e F09115  |f A3:AH21E0  |h Other scheme 
952 f f |a CAVAL  |b CAVAL  |c CAVAL  |d Unmapped Location  |e F09113  |f A3:AH18E0  |h Other scheme 
952 f f |a CAVAL  |b CAVAL  |c CAVAL  |d Unmapped Location  |e E02515  |f A3:AK27D0  |h Other scheme 
952 f f |a CAVAL  |b CAVAL  |c CAVAL  |d Unmapped Location  |e F09098  |f A3:AH18E0  |h Other scheme 
952 f f |a CAVAL  |b CAVAL  |c CAVAL  |d Unmapped Location  |e F09101  |f A3:AH16E0  |h Other scheme 
952 f f |a CAVAL  |b CAVAL  |c CAVAL  |d Unmapped Location  |e F09106  |f A3:AH16E0  |h Other scheme